000
00354 a2200169 4500
001
194610
020
_a
978-85-08-12410-7
040
_c
Magnum
100
_a
Azevedo, Aluísio de
240
1
0
_a
O cortiço
_l
por
245
1
0
_a
O cortiço
300
_a
80
362
0
_a
2009
440
1
_a
Ática
697
_a
LITERATURA INFANTO-JUVENIL
942
_c
BK
999
_c
194610
_d
194610